书目信息 |
| 题名: |
消费者行为学
|
|
| 作者: | 卢泰宏 , 周懿瑾 著 | |
| 分册: | ||
| 出版信息: | 北京 中国人民大学出版社 2015 |
|
| 页数: | 407页 | |
| 开本: | 26cm | |
| 丛书名: | ||
| 单 册: | ||
| 中图分类: | F723.55 | |
| 科图分类: | ||
| 主题词: | 消费者行为论--Xiao Fei Zhe Hang Wei Lun--研究--中国 | |
| 电子资源: | ||
| ISBN: | 978-7-300-21636-2 | |
| 000 | 01188nam0 22002771 450 | |
| 001 | 350308 | |
| 005 | 20161009104545.57 | |
| 010 | @a978-7-300-21636-2@dCNY59.00 | |
| 100 | @a20150813d2015 em y0chiy50 ea | |
| 101 | 0 | @achi@eeng |
| 102 | @aCN@b110000 | |
| 105 | @ay z 000yy | |
| 106 | @ar | |
| 200 | 1 | @a消费者行为学@AXiao Fei Zhe Hang Wei Xue@e中国消费者透视@dConsumer behavior@econsumer insight in China@f卢泰宏,周懿瑾著@zeng |
| 205 | @a2版 | |
| 210 | @a北京@c中国人民大学出版社@d2015 | |
| 215 | @a407页@d26cm | |
| 330 | @a本书从营销学专业角度对“消费者行为学”进行重构。尤其重视消费者行为学的应用和解决营销问题,重视对中国文化背景中市场和消费者行为的透视。全书由原理篇(如何解释消费者行为)、文化篇(如何透视消费者行为)、方法篇(如何测量消费者行为)和策略篇(如何影响消费者行为)4篇构成。 | |
| 510 | 1 | @aConsumer behavior@econsumer insight in China@zeng |
| 517 | 1 | @a中国消费者透视@AZhong Guo Xiao Fei Zhe Tou Shi |
| 606 | 0 | @a消费者行为论@AXiao Fei Zhe Hang Wei Lun@x研究@y中国 |
| 690 | @aF723.55@v5 | |
| 701 | 0 | @a卢泰宏@ALu Tai Hong@f(1945.1~)@4著 |
| 701 | 0 | @a周懿瑾@AZhou Yi Jin@c(女)@4著 |
| 801 | 0 | @aCN@bTANGWEI@c20160803 |
| 905 | @b0889375-9@dF723.55@e86=2@f5 | |
| 消费者行为学:中国消费者透视=Consumer behavior:consumer insight in China/卢泰宏,周懿瑾著.-2版.-北京:中国人民大学出版社,2015 |
| 407页;26cm |
| ISBN 978-7-300-21636-2:CNY59.00 |
| 本书从营销学专业角度对“消费者行为学”进行重构。尤其重视消费者行为学的应用和解决营销问题,重视对中国文化背景中市场和消费者行为的透视。全书由原理篇(如何解释消费者行为)、文化篇(如何透视消费者行为)、方法篇(如何测量消费者行为)和策略篇(如何影响消费者行为)4篇构成。 |
| ● |
| 相关链接 |
|
|
|
|
正题名:消费者行为学
索取号:F723.55/86=2
 
预约/预借
| 序号 | 登录号 | 条形码 | 馆藏地/架位号 | 状态 | 备注 |
| 1 | 0889375 | 208893759 | 第一样本阅览室/ [索取号:F723.55/86=2] | 在馆 | |
| 2 | 0889376 | 208893768 | 第一借阅区/ [索取号:F723.55/86=2] | 在馆 | |
| 3 | 0889377 | 208893777 | 第一借阅区/ [索取号:F723.55/86=2] | 在馆 | |
| 4 | 0889378 | 208893786 | 第一借阅区/ [索取号:F723.55/86=2] | 在馆 | |
| 5 | 0889379 | 208893795 | 经管系资料室/ [索取号:F723.55/86=2] | 在馆 |